Textbook of human resource management. (Record no. 13842)

MARC details
000 -LEADER
fixed length control field 00461nam a2200169Ia 4500
008 - FIXED-LENGTH DATA ELEMENTS--GENERAL INFORMATION
fixed length control field 230917s9999||||xx |||||||||||||| ||und||
020 ## - ISBN
Price RS550
040 ## - CATALOGING SOURCE
-- 223069
Original cataloging agency VIVEKANANDA LIBRARY
041 ## - Language
-- English
082 ## - DDC NUMBER
Classification number 658.3 M311T(7)
100 ## - MAIN ENTRY--PERSONAL NAME
Personal name Mamoria, C B
245 #0 - TITLE STATEMENT
Title Textbook of human resource management.
250 ## - EDITION STATEMENT
Edition statement 7th ed.
260 ## - PUBLICATION, DISTRIBUTION, ETC. (IMPRINT)
Place of publication, distribution, etc Mumbai
Name of publisher, distributor, etc Himalaya Publishing House
Date of publication, distribution, etc 2014
500 ## - GENERAL NOTE
General note 1864 19/01/2015 UBC 7345 05/02/2015 Main Budget
942 ## - ADDED ENTRY ELEMENTS (KOHA)
Koha item type Books
Holdings
Withdrawn status Lost status Damaged status Not for loan Location (home branch) Sublocation or collection (holding branch) Shelving location Date acquired Koha issues (times borrowed) Koha full call number Accession No. Koha date last seen Koha item type
        VIVEKANANDA LIBRARY VIVEKANANDA LIBRARY IMSAR Library 22/05/2015   658.3 M311T(7) 347977 17/09/2023 Books
© Designed and Maintained by Vivekananda Library, MDU Rohtak